Movies Quiz

Random Movies or Animation Quiz

Disney Animated Movies: Every Other Letter Quiz Stats

 Plays Quiz not verified by Sporcle

Support Sporcle.
Go Orange.
Score 0/20 Timer 03:00
0 Plays Today
Partial Name Complete Name % Correct
R_b_n   _o_dRobin Hood
89.7%
_a_z_nTarzan
86.5%
S_o_   W_i_e   _n_   t_e   _e_e_   D_a_f_Snow White and the Seven Dwarfs
85.8%
_h_   J_n_l_   B_o_The Jungle Book
85.6%
C_i_k_n   _i_t_eChicken Little
85.6%
P_t_r   _a_Peter Pan
80.9%
O_i_e_   &   C_m_a_yOliver & Company
80.9%
B_a_t_   a_d   _h_   B_a_tBeauty and the Beast
79.1%
_h_   R_s_u_r_   D_w_   U_d_rThe Rescuers Down Under
78.7%
T_n_l_dTangled
77.8%
Partial Name Complete Name % Correct
_i_d_r_l_aCinderella
75.3%
T_e   _u_c_b_c_   o_   N_t_e   _a_eThe Hunchback of Notre Dame
69.4%
_u_a_Mulan
66.3%
_i_o_c_i_Pinocchio
63.6%
_r_z_nFrozen
63.6%
T_e   _i_n   _i_gThe Lion King
60.9%
_a_y   _n_   t_e   _r_m_Lady and the Tramp
51.7%
_l_e_i_g   _e_u_ySleeping Beauty
51.2%
_o_a_o_t_sPocahontas
50.6%
T_e   _r_s_o_a_sThe Aristocats
44.5%

You're not logged in!

Compare scores with friends on all Sporcle quizzes.
OR
Log In

From the Vault

No Outline European Capitals

by kfastic

This would be way easier if capitals were always in the middle of the country.
Remove Ads.
Support Sporcle.
Get the best of Sporcle when you Go Orange. This ad-free experience offers more features, more stats, and more fun while also helping to support Sporcle. Thank you for becoming a member.

Show Comments

Extras

Top Quizzes Today


Score Distribution

Your Account Isn't Verified!

In order to create a playlist on Sporcle, you need to verify the email address you used during registration. Go to your Sporcle Settings to finish the process.

Report this User

Report this user for behavior that violates our Community Guidelines.

Details: